|
|
|
|
| LEADER |
00000nam a22000007a 4500 |
| 005 |
20171001224559.0 |
| 007 |
cr|||| |||| |
| 008 |
171001s2014 mx |||||s||||f00||0 spa d |
| 020 |
|
|
|a 978-607-401-912-4
|
| 035 |
|
|
|a 20647
|
| 040 |
|
|
|a vLex
|
| 090 |
|
|
|c 7043
|d 7043
|
| 100 |
1 |
|
|a Caldern̤ Salazar, Jorge Alfonso
|
| 245 |
1 |
0 |
|a 20 aǫs del TLCAN
|h [Recurso electrn̤ico] :
|b Su impacto en la balanza de pagos, agricultura y vulnerabilidad externa de la economa̕ mexicana /
|c Jorge Alfonso Caldern̤ Salazar
|
| 256 |
|
|
|a Servicio en ln̕ea
|
| 260 |
|
|
|a Ciudad de Mx̌ico:
|b Cm̀ara de Diputados,
|c 2014
|
| 300 |
|
|
|a 1 recurso electrn̤ico
|
| 506 |
1 |
|
|a Disponible solo en los productos indicados
|d vLex Global
|d vLex Global (Academic Edition, excluding Law Schools)
|d vLex Global (U.S. Academic Edition, Law Schools)
|d vLex Global (U.S. Academic Edition, excluding Law Schools)
|d vLex Global (Academic Edition, Law Schools)
|
| 650 |
0 |
4 |
|a Derecho Civil
|z Mx̌ico
|
| 650 |
0 |
4 |
|a Derecho Mercantil y de la Empresa
|z Mx̌ico
|
| 650 |
0 |
4 |
|a Economa̕ y negocios
|z Mx̌ico
|
| 740 |
0 |
|
|a vLex Libros (Servicio en ln̕ea)
|
| 856 |
4 |
0 |
|u http://vlex.com/source/20-a-os-del-tlcan-su-impacto-en-la-balanza-de-pagos-agricultura-y-vulnerabilidad-externa-de-la-economia-mexicana-20647
|z Acceso restringido
|
| 942 |
|
|
|c BOOK
|
| 999 |
0 |
|
|a Civil Law
|
| 999 |
0 |
|
|a Commercial and Company Law
|
| 999 |
0 |
|
|a Economy and business
|